000 01594nam a2200373 i 4500
001 C00612561
003 OSt
005 20230615200403.0
007 ta
008 221027s2022 pe gr 000 0 spa d
017 _a2022-05124
020 _a9876124194283
037 _asin mediación
040 _apelibn
_bspa
_erda
_cUMCH
082 0 4 _a985.0093
100 1 _aGonzález Vigil, Ricardo
_eAutor
245 1 0 _aEl Inca Garcilaso y la emancipación
_cRicardo González Vigil
250 _aprimera edición
260 _aLima
_bUniversidad Marcelino Champagnat
_c2022
264 _b
300 _a204 páginas
_c26 cm.
500 _aAntología de estudios sobre el carácter disidente y anticolonial de los escritos del insigne cronista cusqueño abordan su resonancia en las rebeliones indígenas y en la llamada utopía andina, destacando ahí el levantamiento de Túpac Amaru II; y en los gestores de la independencia peruana y, en general, hispanoamericana, con los ejemplos mayores de los precursores.
504 _abibliografía: páginas 53-55,117-124, 174-176
505 0 _aParte I. Garcilaso comentado -- Parte II. Estudiosos de Garcilaso
600 1 4 _aGarcilaso de la Vega
_d1539-1616
_tComentarios reales
650 1 4 _aIncas
651 4 _aPerú
_xHistoria
_yEmancipación, 1808-1824
710 2 _aUniversidad Marcelino Champagnat (Lima)
_eentidad editora
942 _2ddc
_cUMCH
_n0
_h985.0093/G69
999 _c53072
_d53072